Rumpole's last case /

Opis bibliograficzny
1. autor: Mortimer, John, 1923-2009
Format: Książka
Język:English
Wydane: Harmondsworth, Middlesex ; Ringwood, Vic. : Penguin Books, c1987.
Classic Catalogue: View this record in Classic Catalogue
LEADER 00781nam a2200229 a 4500
001 7855
003 BD-DhAAL
005 20151117120220.0
008 151117s1987 vra 00011 eng d
020 |a 0140089578 
020 |a 0140089578  |c $7.95 Aust. 
035 |a 2439648 
040 |a ANL  |b eng  |d ANL  |d BD-DhAAL 
082 0 |a 823/.914  |2 19 
100 1 |a Mortimer, John,  |d 1923-2009.  |9 16292 
245 1 0 |a Rumpole's last case /  |c John Mortimer. 
260 |a Harmondsworth, Middlesex ;  |a Ringwood, Vic. :  |b Penguin Books,  |c c1987. 
300 |a 232 p. ;  |c 19 cm. 
541 |e 7855 
942 |2 ddc  |c BK 
999 |c 36193  |d 36193 
952 |0 0  |1 0  |2 ddc  |4 0  |6 823_000000000000000__914_MOR  |7 0  |9 56907  |a SCL  |b SCL  |c GEN  |d 2015-11-17  |e Gift:  |l 8  |m 48  |o 823.914 MOR  |p 3020007855  |r 2025-08-27  |s 2025-08-27  |t 1  |w 2015-11-17  |y BK